000 00647nam a2200193 i 4500
001 78535
003 ES-MaACL
005 20230906173735.0
007 t|
008 041014s1973 sp ||||1| spa d
100 1 _aHarriman, William Averell.
_961896
245 1 0 _aAmérica y Rusia en un mundo que cambia /
_cW. Averell Harriman ; introducción de Arthur M. Schlesinger ; [traducido por Ma Antonia Menini].
250 _a[1ª ed.].
260 _aBarcelona :
_bGrijalbo,
_c[1973]
300 _a239 p. ;
_c19 cm.
700 1 _aMenini, María Antonia.
_980365
700 1 _aSchlesinger, Arthur M.
_9104409
852 _aES-MaACL
_jC-52557
_bR.85498
999 _c78535
_d78535